000 00632nam a2200181Ia 4500
003 IN-BaIIA
008 211028s9999 xx 000 0 eng d
040 _cIIA Library
080 _a52(091)
_bTHE
245 4 _aThe Aryabhatiya of Aryabhata
_ban ancient Indian work on mathematics and astronomy
_ctranslated by Walter Eugene Clark
260 _aChicago
_bUniversity of Chicago Press
_c1950
300 _axxix, 90p.
650 _aAryabhatiya
_99399
650 _aAstronomy and astrophysics thesaurus
650 _aHistory-astronomy
_91125
700 _aClark, Walter Eugene., tr.
_99400
942 _cBK
999 _c5405
_d5405